000 00343nam a2200145Ia 4500
008 230917s9999||||xx |||||||||||||| ||und||
040 _e49909
_aMAIN
041 _aEnglish
082 _a181.4 S82H
100 _aSchultz, M
245 4 _aThe Hindu philosophy
260 _aNew Delhi
_bClassical
_c1978
300 _aviii, 64 p.
942 _cBK
999 _c186511
_d186511